Fundamentals of Mathematical statistics (Record no. 36068)
[ view plain ]
| 000 -LEADER | |
|---|---|
| fixed length control field | 00398nam a22001577a 4500 |
| 003 - CONTROL NUMBER IDENTIFIER | |
| control field | OSt |
| 005 - DATE AND TIME OF LATEST TRANSACTION | |
| control field | 20240813121645.0 |
| 008 - FIXED-LENGTH DATA ELEMENTS--GENERAL INFORMATION | |
| fixed length control field | 240813b |||||||| |||| 00| 0 eng d |
| 020 ## - INTERNATIONAL STANDARD BOOK NUMBER | |
| International Standard Book Number | 9789351611738 |
| 040 ## - CATALOGING SOURCE | |
| Transcribing agency | |
| 082 ## - DEWEY DECIMAL CLASSIFICATION NUMBER | |
| Edition number | 12 |
| Classification number | 519.2 |
| Item number | KAP |
| 245 ## - TITLE STATEMENT | |
| Title | Fundamentals of Mathematical statistics |
| Statement of responsibility, etc. | Gupta,S.C |
| 250 ## - EDITION STATEMENT | |
| Edition statement | 12 |
| 260 ## - PUBLICATION, DISTRIBUTION, ETC. | |
| Name of publisher, distributor, etc. | S.Chand and Co |
| Date of publication, distribution, etc. | 2023 |
| 942 ## - ADDED ENTRY ELEMENTS (KOHA) | |
| Source of classification or shelving scheme | Dewey Decimal Classification |
| Koha item type | BOOK |
| Edition | 12 |
| Call number prefix | 519.2 |
| Call number suffix | KAP |
| Suppress in OPAC | No |
| Withdrawn status | Lost status | Source of classification or shelving scheme | Damaged status | Not for loan | Collection | Home library | Current library | Date acquired | Cost, normal purchase price | Inventory number | Total Checkouts | Barcode | Date last seen | Date last checked out | Price effective from | Koha item type |
|---|---|---|---|---|---|---|---|---|---|---|---|---|---|---|---|---|
| Dewey Decimal Classification | Mathematics | Fr. Agnel's C.Rodrigues College of Engineering | Fr. Agnel's C.Rodrigues College of Engineering | 13/08/2024 | 795.00 | AO/24/08/280 | 2 | 26445 | 10/04/2026 | 24/03/2025 | 13/08/2024 | BOOK | ||||
| Dewey Decimal Classification | Mathematics | Fr. Agnel's C.Rodrigues College of Engineering | Fr. Agnel's C.Rodrigues College of Engineering | 13/08/2024 | 795.00 | AO/24/08/280 | 2 | 26446 | 28/05/2025 | 14/01/2025 | 13/08/2024 | BOOK | ||||
| Dewey Decimal Classification | Mathematics | Fr. Agnel's C.Rodrigues College of Engineering | Fr. Agnel's C.Rodrigues College of Engineering | 13/08/2024 | 795.00 | AO/24/08/280 | 3 | 26447 | 13/05/2026 | 18/04/2026 | 13/08/2024 | BOOK |